Wird geladen...

Ningalkkum Vijayikkanakum

Bibliographische Detailangaben
1. Verfasser: Shiv Khera
Format: Printed Book
Veröffentlicht: Bloomsbury 2020
LEADER 00306 a2200097 4500
020 |a 9789382951865 
100 |a Shiv Khera 
245 |a Ningalkkum Vijayikkanakum  
260 |b Bloomsbury  |c 2020 
999 |c 352348  |d 352348 
952 |0 0  |1 0  |4 0  |7 0  |9 407208  |a UL  |b UL  |c PROC  |d 2020-08-24  |g 217.75  |l 0  |p 104020  |r 2020-08-24  |v 325.00  |w 2020-08-24  |y BK